Statistiques concernant Mots de la langue française terminés par "lade"

Cliquez ici pour prendre le quiz!

Statistiques générales

  • Ce quiz a été pris 229 fois
  • Le résultat moyen est 10 sur 25

Statistiques - réponses

IndiceMot% Correct
laituesalade
95%
poèmeballade
94%
confituremarmelade
87%
promenadebalade
81%
patientmalade
79%
ascensionescalade
70%
divertissementrigolade
63%
galipetteroulade
62%
étreinteaccolade
55%
vive réprimandeengueulade
49%
cohuebousculade
47%
chute de cheveuxpelade
47%
saucerémoulade
40%
regardoeillade
37%
recette de cuisinemouclade
35%
entailleestafilade
23%
viandegrillade
18%
rue de Provencecalade
13%
grand amusementpoilade
11%
poissonoblade
8%
préparation typique de moules éclade
5%
groupepeuplade
5%
déchargefusillade
2%
mollusque marinpholade
0%
roche ressemblant à l'ardoisephyllade
0%

Distribution des résultats

Percentile par nombre de réponses

% des personnes avec chaque résultat

Votre développement - résultats

Vous n’avez pas pris ce quiz